| 000 | 00709nam a2200241 a 4500 | ||
|---|---|---|---|
| 003 | BD-DhJNU | ||
| 005 | 20250211033327.0 | ||
| 008 | 250204s2015 ii a b 001 0 eng | ||
| 020 | _a0803914571 | ||
| 020 | _a0803918542 | ||
| 020 | _a0803923589 | ||
| 040 |
_aBD-DhJNU _bENG _cBD-DhJNU _dBD-DhJNU |
||
| 082 | 0 | 0 |
_a302 REV _223 |
| 245 | 1 | 0 |
_aReview of personality and social psychology. Vol: 1-5 / _cedited by Ladd Wheeler and Phillip R. Shaver |
| 260 |
_aUSA : _bSage, _c1980-1984. |
||
| 300 |
_bill. ; _c21 cm. |
||
| 490 | _vVol: 1-5 | ||
| 504 | _aIncludes bibliographical references | ||
| 650 | 0 | _apsychology | |
| 700 | 1 |
_aWheeler, Ladd _eEditor |
|
| 700 | 1 |
_aShaver, Phillip R. _eEditor |
|
| 942 | _cBK | ||
| 999 |
_c1299 _d1299 |
||